00664nam a2200229Ia 450000500170000000800410001702000150005804000190007304100120009208200140010410000220011824500580014025000150019826000390021330000120025250400500026463000370031465000300035165100180038170000250039985000100042420231124105910.0131103s9999 xx 000 0 und d a8170361028 aLoreto College aEnglish a396 bGHA aGhadially, Rehana aWomen in Indian Societyc Edited by Rehana Ghadially a a reader  aNew DelhibSage Publicationsc1988 a310 p.  aIncludes bibliographical references and index aIndian Women - Social Conditions aWomen - Social Conditions aWomen Studies aGhadially,Rehana,ed. aLCLIB